South Eastern Kenya University

Library Online Public Access Catalogue


Metal ammine formation in aqueous solution : (Record no. 2362)

MARC details
000 -LEADER
fixed length control field 00329nam a22001097a 4500
050 ## - LIBRARY OF CONGRESS CALL NUMBER
Classification number QD 181
Item number .N15 B72
100 ## - MAIN ENTRY--PERSONAL NAME
Personal name Copenhagen, P. Haase and Son,
245 ## - TITLE STATEMENT
Title Metal ammine formation in aqueous solution,
Remainder of title theory of the reversible step reactions
260 ## - PUBLICATION, DISTRIBUTION, ETC. (IMPRINT)
Place of publication, distribution, etc. Copenhagen
Name of publisher, distributor, etc. Haase and Son,
Date of publication, distribution, etc. 1941.
300 ## - PHYSICAL DESCRIPTION
Extent 296p.
942 ## - ADDED ENTRY ELEMENTS (KOHA)
Koha item type General circulation
Holdings
Withdrawn status Lost status Source of classification or shelving scheme Damaged status Not for loan Home library Current library Date acquired Cost, normal purchase price Total Checkouts Full call number Barcode Date last seen Cost, replacement price Koha item type Public note
    Library of Congress Classification     Main Campus Library Main Campus Library 28/08/2014 300.00   QD 181 .N15 B72 2019/022542 28/08/2014 800.00 General circulation kim
Kitui, Kenya.
+254736116989
library@seku.ac.ke